Corporate investment and financing behaviour: an econometric analysis of Indian automobile industry (Record no. 62520)

MARC details
000 -LEADER
fixed length control field 00957nam a2200169 a 4500
008 - FIXED-LENGTH DATA ELEMENTS--GENERAL INFORMATION
fixed length control field 120416s1987 ||||||||||||||||| || u
020 ## - INTERNATIONAL STANDARD BOOK NUMBER
International Standard Book Number 8190002635
050 ## - LIBRARY OF CONGRESS CALL NUMBER
Classification number HG 4026 Aga
100 ## - MAIN ENTRY--PERSONAL NAME
Personal name Agarwal, R. N
245 10 - TITLE STATEMENT
Title Corporate investment and financing behaviour: an econometric analysis of Indian automobile industry
260 ## - PUBLICATION, DISTRIBUTION, ETC.
Place of publication, distribution, etc. New Delhi:
Name of publisher, distributor, etc. Commonwealth Publishers
Date of publication, distribution, etc. 1987
350 ## -
-- 0.00
650 ## - SUBJECT ADDED ENTRY--TOPICAL TERM
Topical term or geographic name entry element AUTOMOBILE INDUSTRY AND TRADE--INDIA--FRANANCE--ECONOMETRIC MODELS
995 ## -
-- ANNEX COLLECTION (Main Library)
-- 0.00
-- 733112
-- CBU-MAIN LIBRARY (Kitwe)
-- 3
-- 32.50
-- HG 4026 Aga
-- 3
-- AVAILABLE
-- 029854
-- Annex Low-Usage Collection
995 ## -
-- ANNEX COLLECTION (Main Library)
-- 0.00
-- 733113
-- CBU-MAIN LIBRARY (Kitwe)
-- 1
-- 32.50
-- HG 4026 Aga
-- 1
-- AVAILABLE
-- 029855
-- Annex Low-Usage Collection
995 ## -
-- ANNEX COLLECTION (Main Library)
-- 0.00
-- 733114
-- CBU-MAIN LIBRARY (Kitwe)
-- 2
-- 32.50
-- HG 4026 Aga
-- 2
-- AVAILABLE
-- 029856
-- Annex Low-Usage Collection
999 ## -
-- 62520
-- 62520
Holdings
Withdrawn status Lost status Source of classification or shelving scheme Damaged status Not for loan Permanent Location Current Location Shelving location Date acquired Total Checkouts Full call number Barcode Date last seen Price effective from Koha item type
          CBU-MAIN LIBRARY, KITWE. CBU-MAIN LIBRARY, KITWE.   12/13/2022   HG 4026 Aga 029854 12/13/2022 12/13/2022 MONOGRAPH
          CBU-MAIN LIBRARY, KITWE. CBU-MAIN LIBRARY, KITWE.   12/13/2022   HG 4026 Aga 029855 12/13/2022 12/13/2022 MONOGRAPH
Withdrawn         CBU-MAIN LIBRARY, KITWE. CBU-MAIN LIBRARY, KITWE.   12/13/2022   HG 4026 Aga 029856 12/13/2022 12/13/2022 MONOGRAPH